000 00345nam a2200145 i 4500
001 bg
100 1 _aBELKOVIC, O. I.
245 0 _aStatističeskaja teorija radiolokacii meteorov /
_cO.J. Belkovič.
260 _aKazan',
_c1971.
040 _cBPK
041 _apol
080 _a523
942 _cKS
008 s pl f |000 0 pol
999 _c9195
_d9195